01131nam a2200229 a 450000100060000000300090000600800410001504000280005608200170008410000370010124501540013826000610029230000070035349000200036050501800038059000930056065000230065365000440067694200120072099900170073295201520074922482CO-ViMGA141112s2004 ck r 000 u spa d aCO-ViMGAbspacCO-ViMGA04a372.86 I514a1 aForero Bulla, Clara Maria93189010aLos imaginarios de los jovenes ante la educación fisica : bLa educación fisica, una oportunidad de encontramos con nosotros mismos y con el otro aBogotá : bUniversidad Cooperativa de Colombia, c2005 a99 aInvestigación aImaginarios de los adolecentes ante la educación fisica 13 - - Area tematica y antecedentes investigativos : un encuentro con el joven 15 - - Diseño metodologico 46 - 57  aForma de adquisición : Donación - - Precio : 13000 - - Fecha de adquisición : 200814aeducación FISICA14aPROFESORES DE educación FISICA931891 2ddccBK c30788d30788 00102ddc40708003aMEVIECARbMEVIECARd2015-12-04hVolumen. 1 | 11/jun/2009l0o372.86 I514a p22482r2015-12-04 00:00:00tEj. 1w2015-12-04yBK